| 000 | 01495nam a22003257a 4500 | ||
|---|---|---|---|
| 008 | 130821s2007 ck gs spa | ||
| 040 |
_aCo-BoUCM _bspa |
||
| 041 | 0 | 0 | _aspa |
| 092 | _aCD 0251 | ||
| 100 | 1 | _aRodríguez-Raga, Juan Carlos | |
| 245 | 1 | 0 |
_aCultura política de la democracia en Colombia 2007 _c[Recurso electrónico] _cpor : Juan Carlos Rodríguez-Raga, Mitchell A. Seligson |
| 260 |
_aBogotá (Colombia) _bUSAID _c2007 |
||
| 300 | _a1 CD-ROM. | ||
| 650 | 0 | 4 |
_aCiencia política _9340 |
| 650 | 0 | 4 |
_aConflicto armado _xInvestigaciones _zColombia _vCD-ROM _911564 |
| 650 | 0 | 4 |
_aCorrupción política _xInvestigaciones _zColombia _vCD-ROM _912030 |
| 650 | 0 | 4 |
_aCultura política _xInvestigaciones _zColombia _vCD-ROM _912406 |
| 650 | 0 | 4 |
_aDemocracia _xInvestigaciones _zColombia _vCD-ROM _912617 |
| 650 | 0 | 4 |
_aElecciones _xInvestigaciones _zColombia _vCD-ROM _913957 |
| 650 | 0 | 4 |
_aParticipación política _xInvestigaciones _zColombia _vCD-ROM _921123 |
| 650 | 0 | 4 |
_aPartidos políticos _xInvestigaciones _zColombia _vCD-ROM _97900 |
| 650 | 0 | 4 |
_aSeparación de poderes _xInvestigaciones _zColombia _vCD-ROM _924220 |
| 700 | 1 | _aSeligson, Mitchell A. | |
| 710 | 1 |
_aUniversidad de Vanderbilt. _bProyecto de Opinión Pública de América Latina. LAPOP |
|
| 710 | 2 | _aAgencia de los Estados Unidos para el Desarrollo Internacional. USAID | |
| 710 | 2 | _aBarómetro de las Américas | |
| 710 | 2 | _aObservatorio de la Democracia | |
| 710 | 2 | _aUniversidad de Los Andes | |
| 942 |
_cMULTIMEDIA _2LOCAL _a6 _e1 |
||
| 999 |
_c68853 _d68853 |
||